LEADER 01636nam2-2200385---450- 001 990001254880203316 005 20130311111319.0 035 $a000125488 035 $aUSA01000125488 035 $a(ALEPH)000125488USA01 035 $a000125488 100 $a20031111d1956----km-y0itay0103----ba 101 0 $aita 102 $aIT 105 $aa---||||001yy 200 1 $a<<2>> Tracciamento di curve e profili cinematici, collegamenti fissi$echiodature e saldature, collegamenti mobili: chiavette, linguette, profili scanalati, innesti a denti e speciali, perni, spine, copiglie, attacchi unificati per utensili, anelli elastici di sicurezza e d'arresto, filettature, viti e bulloni, tolleranze di lavorazione, materiali per costruzioni meccaniche, disegni d'insieme, studio e rappresentazione dei particolari componenti con disegni esecutivi$fEgidio Maifreni, Albino Zamboni 210 $aTorino$cParavia$d1956 215 $a342 p.$cill.$d30 cm 461 1$10010010814$12001$a<> disegno meccanico 606 0 $aDisegno$2BNCF 676 $a604.2 700 1$aMAIFRENI,$bEgidio$0331284 701 1$aZAMBONI,$bAlbino$0331285 801 0$aIT$bsalbc$gISBD 912 $a990001254880203316 951 $a604.2 MAI (2,B)$b2449 Ing$c604.2 951 $a604.2 MAI 2$b1287 Ing$c604.2$d00060689 959 $aBK 969 $aTEC 979 $aSIAV2$b10$c20031111$lUSA01$h1240 979 $aPATRY$b90$c20040406$lUSA01$h1729 979 $aPASSARO$b90$c20130311$lUSA01$h1109 979 $aPASSARO$b90$c20130311$lUSA01$h1113 996 $aTracciamento di curve e profili cinematici, collegamenti fissi$9986508 997 $aUNISA LEADER 01140nam a2200289 i 4500 001 991001755519707536 005 20020507151342.0 008 990827s1997 it ||| | ita 020 $a8813201311 035 $ab11559378-39ule_inst 035 $aLE02724489$9ExL 040 $aDip.to Studi Giuridici$bita 082 0 $a342.45083 084 $aC-VI/B 100 1 $aCuniberti, Marco$0262793 245 13$aLa cittadinanza :$blibertà dell'uomo e libertà del cittadino nella Costituzione italiana /$cMarco Cuniberti 260 $aPadova :$bCEDAM,$c1997 300 $axiv, 536 p. ;$c24 cm. 490 0 $aDiritto e istituzioni ;$v18 650 4$aCittadinanza$xCostituzione italiana 907 $a.b11559378$b01-03-17$c02-07-02 912 $a991001755519707536 945 $aLE025 ECO 342 CUN01.01$g1$i2025000201828$lle025$nProf. Zuppetta$o-$pE33.57$q-$rl$s- $t0$u0$v0$w0$x0$y.i14258419$z27-06-06 945 $aLE027 C-VI/B CUN01.01$g1$i2027000009206$lle027$o-$pE0.00$q-$rl$s- $t0$u3$v2$w3$x0$y.i11760941$z02-07-02 996 $aCittadinanza$9690542 997 $aUNISALENTO 998 $ale025$ale027$b01-01-99$cm$da $e-$fita$git $h3$i2